000 00577cam a22001814a 4500
001 12661956
005 20250531124036.0
008 020130s2002 miu b 001 0 eng
020 _a0801091349
050 0 0 _aBV4438.5
_b.S45 2002
082 0 0 _a259/.1
_221
100 1 _aSell, Charles M.,
_d1933-
245 1 0 _aHelping troubled families :
_ba guide for pastors, counselors, and supporters /
_cCharles M. Sell.
260 _aGrand Rapids, Mich. :
_bBaker Books,
_cc2002.
300 _a206 p. ;
_c23 cm.
650 0 _aChurch work with dysfunctional families.
942 _2lcc
_cBK
_n0
999 _c6100
_d6100